000 05559nam a22006377a 4500
005 20080606102347.0
008 080606t xxu||||| |||| 00| 0 eng d
010 _aB-266541-573
020 _a8175736585
_c120.00
035 _aB-266541-573
040 _aDPL
_bEN
082 _a920
245 _a101 great Indian leaders /
_ccompiled by Shyam Dua
246 _aOne hundred one great Indian
_bcompiled by Shyam Dua
260 _aDelhi
_bTinyTot Publications
_c2008
260 _bBlue Berry (Vender)
270 _a235, Jagriti Enclave, Viaks Marg,
_bDelhi
_e110092
300 _a108p.:
_bcol. ill.
_c24 cm (Hb)
700 _aDua, Shyam
942 _2ddc
_cCH
_h920
_mGRE
999 _c13341
_d13341